| 000 | 00482nam a2200145 a 4500 | ||
|---|---|---|---|
| 005 | 20140513081056.0 | ||
| 008 | 070905s19uu xx 00 eng d | ||
| 050 |
_aVCD _bLe438 2003 |
||
| 245 |
_aLet's go to.. : _bSpeech & Skill Develo[pment Video Program. |
||
| 260 |
_aPhilippines : _bMagnavision, _c1987. |
||
| 440 | _aSpecial Kids | ||
| 520 | _aSpecial kids proves anything's possible for the learner with special needs. | ||
| 650 | _aChildren-learner-special. | ||
| 999 |
_c116536 _d116536 |
||